[Event "Besancon op"]
[Site "Besancon"]
[Date "2014.??.??"]
[Round "5"]
[White "Poupard, Clement"]
[Black "Kvashyna, Tetyana"]
[Result "0-1"]
[WhiteElo "1768"]
[BlackElo "1846"]
[PlyCount "50"]
[EventDate "2014.10.29"]
[EventType "swiss"]
[EventRounds "7"]
[EventCountry "FRA"]
[SourceTitle "EXT 2016"]
[Source "ChessBase"]
[SourceDate "2015.10.08"]
[SourceVersion "1"]
[SourceVersionDate "2015.10.08"]
[SourceQuality "1"]

1. d4 d5 2. Nc3 Nf6 3. Bg5 Nbd7 4. Qd3 e6 5. e4 dxe4 6. Nxe4 Be7 7. f4 Nxe4 8. Bxe7 Qxe7 9. Qxe4 Qb4+ 10. Kf2 Qxb2 11. Re1 Qxa2 12. Bd3 c6 13. Nf3 Nf6 14. Qe2 Qd5 15. c4 Qd8 16. Qb2 0-0 17. Ra1 c5 18. Rhd1 cxd4 19. Nxd4 Qc7 20. Ne2 e5 21. fxe5 Qxe5 22. Qxe5 Ng4+ 23. Ke1 Nxe5 24. Rab1 Nxd3+ 25. Rxd3 Bf5 0-1

[Event "Besancon op"]
[Site "Besancon"]
[Date "2014.??.??"]
[Round "2"]
[White "Poupard, Clement"]
[Black "Roy, Chantal"]
[Result "1-0"]
[WhiteElo "1768"]
[BlackElo "1365"]
[PlyCount "73"]
[EventDate "2014.10.29"]
[EventType "swiss"]
[EventRounds "7"]
[EventCountry "FRA"]
[SourceTitle "EXT 2016"]
[Source "ChessBase"]
[SourceDate "2015.10.08"]
[SourceVersion "1"]
[SourceVersionDate "2015.10.08"]
[SourceQuality "1"]

1. d4 g6 2. e4 Bg7 3. Nf3 e6 4. Bd3 Nc6 5. c3 Nge7 6. Be3 0-0 7. Qd2 b6 8. h4 f5 9. h5 fxe4 10. Bxe4 Nf5 11. hxg6 Nxe3 12. gxh7+ Kh8 13. Qxe3 Bf6 14. Nbd2 d5 15. Bc2 Rf7 16. 0-0-0 Qe7 17. g4 Rg7 18. Rdg1 Bg5 19. Nxg5 Qxg5 20. f4 Qe7 21. Nf3 Na5 22. Ne5 Bb7 23. Ng6+ Rxg6 24. Bxg6 Nc4 25. Qf2 c5 26. Bc2 a5 27. g5 Bc6 28. g6 Qg7 29. Rh2 a4 30. a3 Ra5 31. f5 exf5 32. Qxf5 Ra8 33. Qf7 cxd4 34. Qxg7+ Kxg7 35. h8Q+ Rxh8 36. Rxh8 Kxh8 37. g7+ 1-0